| 000 | 00761nam a2200265Ia 4500 | ||
|---|---|---|---|
| 003 | OSt | ||
| 005 | 20220928125841.0 | ||
| 006 | a|||||r|||| 00| 0 | ||
| 007 | ta | ||
| 008 | 220927b |||||||| |||| 00| 0 eng d | ||
| 020 | _c2479.0100000000002 | ||
| 024 | _a128579 | ||
| 037 |
_b243, 03/02/2016, Classic Book Service _cTextual |
||
| 040 |
_aSDCL _cSDCL _beng |
||
| 041 |
_2eng _aeng |
||
| 082 | _aVv, Q5 | ||
| 100 |
_aHughes-Warrington Marnie _9435544 |
||
| 245 | 0 | _aFifty key thinkers on history | |
| 250 | _a3rd | ||
| 260 |
_aLondon _bRoutledge _c2015 |
||
| 300 |
_axviii;350p. _ccm. |
||
| 650 | _aHistory | ||
| 942 |
_hVv, Q5 _cTEXL _2CC |
||
| 999 |
_c784491 _d784491 |
||